000 00968cam a2200301 i 4500
001 1260521
003 EG-ScBUE
005 20241021093235.0
008 740424s1979 riu f b 001 0 eng d
020 _a082181513X
020 _a9780821815137
040 _aDLC
_beng
_erda
_cDLC
_dDLC
_dEG-ScBUE
082 0 4 _a515.72
_222
_bTOP
245 0 0 _aTopics in operator theory /
_cedited by Carl Pearcy.
264 1 _aProvidence, Rhode Island :
_bAmerican Mathematical Society,
_c1979.
300 _aix, 235 pages ;
_c26 cm.
336 _2rdacontent
_atext
_btxt
337 _aunmediated
_2rdamedia
_bn
338 _avolume
_bnc
_2rdacarrier
490 0 _aMathematical surveys and monographs ;
_vvolume 13
504 _aIncludes bibliographical references and index.
650 7 _aLinear operators.
_922996
_2BUEsh
651 _2BUEsh
653 _bENGGEN
_cMay2011
_cJanuary2016
655 _vReading book
700 1 _924429
_aPearcy, Carl,
_eeditor.
942 _2ddc
_cBB
999 _c15470
_d15470